| 000 | 00845nam a2200217 a 4500 | ||
|---|---|---|---|
| 001 | 000013626 | ||
| 003 | DO-SdBNP | ||
| 005 | 20220810103642.0 | ||
| 007 | ta | ||
| 008 | 091126s1959 dr 000 0 spa d | ||
| 040 |
_aDO-SdBNP _bspa _cBNPHU |
||
| 082 |
_axxxx _bC758 |
||
| 100 |
_aCordero Infante, J. R _931030 |
||
| 245 | 1 | 4 |
_aLas dos constituciones de San Cristobal. / _cJ. R. Cordero Infante. |
| 260 |
_aCiudad Trujillo, República Dominicana : _bPublicaciones del Partido Dominicano, _bEdit. del Caribe _c1959. |
||
| 300 |
_a29 p. ; _c24 cm. |
||
| 500 | _aConferencia pronunciada en la sala de la constituón del Partido Dominicano de la ciudad Benemérita de San Cristóbal, el 6 de noviembre de 1958, día de la constitución, por J. R. Cordero Infante | ||
| 590 | _aInventariado, 2022/ YL | ||
| 910 | _aYLockward | ||
| 942 |
_2ddc _cLF2 |
||
| 999 |
_c13240 _d13240 |
||